[Event "Rilton Cup"]
[Site "?"]
[Date "2001.12.28"]
[Round "2"]
[White "Evertsson, Kristian"]
[Black "Ahlander, Bjorn"]
[Result "1-0"]
[WhiteElo "2149"]
[BlackElo "2426"]
[PlyCount "89"]

1. e4 c5 2. Nf3 e6 3. d4 cxd4 4. Nxd4 a6 5. c4 Nf6 6. Nc3 d6 7. Bd3 Be7 8. O-O
Nc6 9. Nxc6 bxc6 10. f4 h5 11. Qf3 e5 12. Kh1 Bg4 13. Qf2 h4 14. h3 Bc8 15. Be2
Be6 16. Rd1 Qb8 17. b3 exf4 18. Bxf4 Nd7 19. Nd5 Bd8 20. Rf1 Ne5 21. Bxe5 dxe5
22. Bg4 Qc8 23. Qf3 Ra7 24. Ne3 g6 25. Rad1 Bg5 26. Rd6 Bxg4 27. Nxg4 Re7 28.
Nxe5 Qc7 29. Rxc6 Qb7 30. Rc5 Bh6 31. Rd5 O-O 32. Ng4 Bg7 33. e5 Re6 34. Nf6+
Bxf6 35. exf6 Rfe8 36. Rg5 Qxf3 37. Rxf3 Re2 38. Rxg6+ fxg6 39. f7+ Kf8 40.
fxe8=Q+ Kxe8 41. a3 Rc2 42. Rf6 a5 43. Rxg6 a4 44. bxa4 Rxc4 45. Rg4 1-0

[Event "Rilton Cup"]
[Site "?"]
[Date "2001.12.28"]
[Round "2"]
[White "Ivanov, Sergey"]
[Black "Lehtinen, Heikki"]
[Result "1-0"]
[WhiteElo "2556"]
[BlackElo "2338"]
[PlyCount "59"]

1. d4 g6 2. c4 Bg7 3. e4 d6 4. Nc3 e5 5. dxe5 dxe5 6. Qxd8+ Kxd8 7. f4 Nd7 8.
Nf3 c6 9. g3 f6 10. Be3 Nh6 11. Bh3 exf4 12. gxf4 Nb6 13. O-O-O+ Kc7 14. Bxc8
Raxc8 15. c5 Nd7 16. Rhg1 Nf7 17. Kc2 Bh6 18. b4 Rhe8 19. Rd3 Rcd8 20. Rgd1 Nf8
21. Nd4 Rd7 22. b5 Rde7 23. a4 f5 24. e5 Nd8 25. b6+ axb6 26. Ndb5+ cxb5 27.
Nxb5+ Kc8 28. Nd6+ Kb8 29. Nxe8 Nde6 30. Rd8+ 1-0

[Event "Rilton Cup"]
[Site "?"]
[Date "2001.12.28"]
[Round "2"]
[White "Lezcano, Pedro"]
[Black "Hammar, Ulf"]
[Result "1-0"]
[WhiteElo "2407"]
[BlackElo "2051"]
[PlyCount "79"]

1. c4 Nf6 2. g3 g6 3. Bg2 Bg7 4. Nc3 O-O 5. d3 d6 6. e3 e5 7. Nge2 c6 8. O-O
Bf5 9. e4 Be6 10. h3 Ne8 11. Be3 Nc7 12. Qd2 Qd7 13. Kh2 c5 14. f4 Nc6 15. fxe5
Nxe5 16. b3 Nc6 17. d4 cxd4 18. Nxd4 Rad8 19. Nxc6 Qxc6 20. Bxa7 Bxc3 21. Qxc3
b6 22. Qb4 Na8 23. e5 d5 24. c5 bxc5 25. Bxc5 Rb8 26. Qd4 Rfc8 27. Bd6 Rb7 28.
Rac1 Qxc1 29. Rxc1 Rxc1 30. Qd2 Rc8 31. Bxd5 Bxd5 32. Qxd5 Rb6 33. e6 f6 34.
Bc5 Ra6 35. e7+ Kh8 36. Qf7 Rxa2+ 37. Kh1 Ra1+ 38. Bg1 Nc7 39. Qf8+ Rxf8 40.
exf8=Q# 1-0

[Event "Rilton Cup"]
[Site "?"]
[Date "2001.12.28"]
[Round "2"]
[White "Nyback, Tomi"]
[Black "Nyysti, Sampsa"]
[Result "1-0"]
[WhiteElo "2436"]
[BlackElo "2215"]
[PlyCount "79"]

1. Nf3 g6 2. d4 Bg7 3. e4 d6 4. Nc3 c6 5. Be3 b5 6. Bd3 Nd7 7. Qd2 Qc7 8. O-O
Ngf6 9. Bh6 O-O 10. Rfe1 b4 11. Nd1 c5 12. Bxg7 Kxg7 13. e5 Nd5 14. c4 bxc3 15.
Nxc3 Bb7 16. e6 N7b6 17. Ng5 f5 18. Nf7 Rxf7 19. exf7 cxd4 20. Nb5 Qc5 21. Rac1
Qb4 22. Qxb4 Nxb4 23. Rxe7 Nxd3 24. Rcc7 Bd5 25. Re8 Bxf7 26. Ree7 Ne5 27. Nxd6
d3 28. Nxf7 Nxf7 29. Rxf7+ Kh6 30. Rxh7+ Kg5 31. h4+ Kf4 32. Kf1 Rd8 33. Ke1
d2+ 34. Kd1 Rd4 35. Rc2 Nc4 36. b3 Ne5 37. Rxd2 Nd3 38. Ke2 Nc1+ 39. Ke1 Nd3+
40. Kf1 1-0

[Event "Rilton Cup"]
[Site "?"]
[Date "2001.12.28"]
[Round "2"]
[White "Bellon, Juan"]
[Black "Backelin, Rickard"]
[Result "1/2-1/2"]
[WhiteElo "2442"]
[BlackElo "2290"]
[PlyCount "98"]

1. b3 d5 2. Nf3 c6 3. Bb2 Nf6 4. c4 Bg4 5. h3 Bxf3 6. gxf3 Nbd7 7. f4 e6 8. e3
g6 9. h4 Bg7 10. d4 Ne4 11. Nd2 Qa5 12. h5 Ndf6 13. hxg6 hxg6 14. Rxh8+ Bxh8
15. f3 Qxd2+ 16. Qxd2 Nxd2 17. Kxd2 Bg7 18. Bd3 Kd7 19. Rh1 Rh8 20. Rxh8 Bxh8
21. Ba3 Bg7 22. Bb4 a6 23. a4 Ne8 24. Bc5 f5 25. Kc3 Bf6 26. Bf8 Bh4 27. Kd2
Nd6 28. c5 Nf7 29. Bg7 Bd8 30. b4 Kc8 31. b5 axb5 32. axb5 Kd7 33. Ke2 Be7 34.
Kf2 Bh4+ 35. Kg2 Ke8 36. e4 Kd7 37. b6 Be7 38. Kg3 Kc8 39. Bc2 Kd7 40. Ba4 Kc8
41. e5 Kd7 42. Kh3 Kc8 43. Bf6 Bxf6 44. exf6 Kd7 45. Kh4 Kc8 46. Bc2 Kd7 47.
Ba4 Kc8 48. Bb3 Kd7 49. Ba4 Kc8 1/2-1/2

[Event "Rilton Cup"]
[Site "?"]
[Date "2001.12.28"]
[Round "2"]
[White "Rustemov, Alexander"]
[Black "Borbjerggaard, Lars"]
[Result "1-0"]
[WhiteElo "2611"]
[BlackElo "2369"]
[PlyCount "165"]

1. d4 Nf6 2. Nf3 g6 3. c4 Bg7 4. Nc3 O-O 5. Bg5 d6 6. e3 c5 7. d5 Na6 8. Nd2
Nc7 9. a4 Rb8 10. Be2 a6 11. a5 b5 12. axb6 Rxb6 13. Ra2 Qe8 14. e4 e6 15. O-O
h6 16. Bf4 e5 17. Be3 Nd7 18. g4 Qe7 19. Kh1 Kh7 20. Nf3 Bf6 21. Qd2 Rg8 22.
Rg1 g5 23. h4 Nf8 24. h5 Bd7 25. Ne1 Qd8 26. Nd3 Qb8 27. Rb1 Rb7 28. Bd1 Bd8
29. f3 Bc8 30. Ne2 a5 31. Rxa5 Nce6 32. Ra2 Nf4 33. Nec1 Nd7 34. b3 Bb6 35.
Rba1 Nf6 36. Nf2 Qc7 37. Ne2 Bd7 38. Ng3 Ra7 39. Rxa7 Bxa7 40. Ra6 Rb8 41. Qa2
Bb6 42. Bd2 Qb7 43. Bc3 Bc8 44. Ra3 Ne8 45. Kg1 Nc7 46. Nf5 Bxf5 47. exf5 Ncxd5
48. cxd5 Qxd5 49. Qd2 c4 50. Qxd5 Nxd5 51. bxc4 Bc5 52. cxd5 Bxa3 53. Ba4 Bc5
54. Kf1 Ra8 55. Bc6 Ra2 56. Ne4 Ba3 57. Ke1 Kg7 58. f6+ Kf8 59. Kd1 Rh2 60. Ba5
Kg8 61. Ke1 Ra2 62. Bc7 Bb4+ 63. Kf1 Ra1+ 64. Ke2 Ra2+ 65. Ke3 Ra3+ 66. Kf2
Ra2+ 67. Kg3 Re2 68. Kh3 Kh7 69. Bb5 Re1 70. Kg2 Kg8 71. Nxd6 Rc1 72. Bc6 Rc2+
73. Kf1 Rc1+ 74. Ke2 Rc2+ 75. Kd3 Rf2 76. Ke3 Bc5+ 77. Ke4 Re2+ 78. Kd3 Re3+
79. Kc4 Ba3 80. Nb5 Bb2 81. d6 e4 82. Bxe4 Bxf6 83. d7 1-0

[Event "Rilton Cup"]
[Site "?"]
[Date "2001.12.29"]
[Round "3"]
[White "Marin, Michail"]
[Black "Lezcano, Pedro"]
[Result "1/2-1/2"]
[WhiteElo "2561"]
[BlackElo "2407"]
[PlyCount "38"]

1. c4 Nf6 2. Nc3 e6 3. d4 Bb4 4. e3 b6 5. Bd3 Bb7 6. Nf3 Ne4 7. O-O f5 8. Ne5
O-O 9. Nxe4 fxe4 10. Bc2 Qg5 11. f4 exf3 12. Nxf3 Rxf3 13. Rxf3 Bxf3 14. Qxf3
Nc6 15. a3 Bd6 16. Bd2 Rf8 17. Qe2 Ne7 18. Rf1 Rxf1+ 19. Qxf1 Nf5 1/2-1/2

[Event "Rilton Cup"]
[Site "?"]
[Date "2001.12.29"]
[Round "3"]
[White "Lalic, Bogdan"]
[Black "Rustemov, Alexander"]
[Result "1/2-1/2"]
[WhiteElo "2522"]
[BlackElo "2611"]
[PlyCount "25"]

1. c4 c5 2. Nf3 Nf6 3. Nc3 d5 4. cxd5 Nxd5 5. d4 e6 6. e4 Nxc3 7. bxc3 cxd4 8.
cxd4 Bb4+ 9. Bd2 Bxd2+ 10. Qxd2 O-O 11. Bc4 Nc6 12. O-O b6 13. Rad1 1/2-1/2

[Event "Rilton Cup"]
[Site "?"]
[Date "2001.12.29"]
[Round "3"]
[White "Hillarp-Persson, Tiger"]
[Black "Gleizerov, Evgenij"]
[Result "1/2-1/2"]
[WhiteElo "2450"]
[BlackElo "2575"]
[PlyCount "22"]

1. d4 e6 2. Nf3 f5 3. h3 Nf6 4. g4 d5 5. c4 c6 6. Nc3 Bd6 7. Rg1 O-O 8. gxf5
exf5 9. Bg5 dxc4 10. e3 Be6 11. Ne5 Nbd7 1/2-1/2

[Event "Rilton Cup"]
[Site "?"]
[Date "2001.12.29"]
[Round "3"]
[White "Handke, Florian"]
[Black "Ivanov, Sergey"]
[Result "1/2-1/2"]
[WhiteElo "2407"]
[BlackElo "2556"]
[PlyCount "51"]

1. e4 c5 2. Nf3 Nc6 3. d4 cxd4 4. Nxd4 Nf6 5. Nc3 d6 6. Bg5 e6 7. Qd2 Be7 8.
O-O-O O-O 9. f4 h6 10. h4 Nxd4 11. Qxd4 hxg5 12. hxg5 Ng4 13. Be2 e5 14. Qg1
exf4 15. Bxg4 Bxg4 16. Qh2 f5 17. Qh7+ Kf7 18. exf5 Bxg5 19. Qg6+ Kg8 20. Qh7+
Kf7 21. Ne4 f3+ 22. Kb1 fxg2 23. Qg6+ Kg8 24. Qh7+ Kf7 25. Qg6+ 25... Kg8 {
Diagram #} 26. Qh7+ 1/2-1/2

[Event "Rilton Cup"]
[Site "?"]
[Date "2001.12.29"]
[Round "3"]
[White "Ohlzon, Nils-Johan"]
[Black "Hunt, Adam"]
[Result "0-1"]
[WhiteElo "2175"]
[BlackElo "2356"]
[PlyCount "46"]

1. e4 c5 2. Nf3 d6 3. d4 cxd4 4. Nxd4 Nf6 5. Nc3 a6 6. Bg5 e6 7. f4 Nbd7 8. Qe2
Qa5 9. O-O-O Be7 10. g4 h6 11. Bh4 g5 12. fxg5 Nh7 13. g6 Bxh4 14. gxh7 Ne5 15.
Nf5 exf5 16. Rxd6 f4 17. Rd5 Qc7 18. Bg2 Be6 19. Rhd1 Rxh7 20. h3 Rc8 21. Rd6
Be7 22. Nd5 Bxd5 23. R6xd5 f3 0-1

[Event "Rilton Cup"]
[Site "?"]
[Date "2001.12.29"]
[Round "3"]
[White "Ernst, Thomas"]
[Black "Karlsson, Tomas"]
[Result "1-0"]
[WhiteElo "2436"]
[BlackElo "2242"]
[PlyCount "95"]

1. e4 c5 2. Nf3 d6 3. d4 cxd4 4. Nxd4 Nf6 5. Nc3 g6 6. Be3 Bg7 7. f3 O-O 8. Qd2
Nc6 9. Bc4 Bd7 10. h4 Rc8 11. Bb3 Ne5 12. O-O-O Nc4 13. Bxc4 Rxc4 14. g4 h5 15.
gxh5 Nxh5 16. Kb1 b5 17. Ndxb5 Bxb5 18. Nxb5 Qb8 19. Nd4 Rfc8 20. Rc1 a5 21. c3
a4 22. Ne2 Qb7 23. Bd4 d5 24. Bxg7 Kxg7 25. Qxd5 Qxd5 26. exd5 Nf4 27. Nxf4
Rxf4 28. Rce1 Rxf3 29. Rxe7 a3 30. d6 axb2 31. d7 Rd8 32. Kxb2 Kf6 33. Rhe1 Rd3
34. c4 R8xd7 35. Rxd7 Rxd7 36. Kc3 Kf5 37. a4 Kg4 38. Re4+ Kg3 39. c5 f5 40. c6
Rg7 41. Rc4 Rc7 42. Kb4 f4 43. Kb5 f3 44. Rc3 Kg4 45. Rxf3 Kxf3 46. Kb6 Rc8 47.
c7 Rh8 48. a5 1-0

[Event "Rilton Cup"]
[Site "?"]
[Date "2001.12.29"]
[Round "3"]
[White "Wedberg, Tom"]
[Black "Logdahl, Harald"]
[Result "1-0"]
[WhiteElo "2529"]
[BlackElo "2259"]
[PlyCount "55"]

1. e4 Nf6 2. e5 Nd5 3. d4 d6 4. Nf3 Bg4 5. Be2 c6 6. c4 Nb6 7. exd6 exd6 8. Qb3
Be7 9. Nc3 O-O 10. h3 Bxf3 11. Bxf3 a5 12. Be2 a4 13. Qd1 a3 14. bxa3 c5 15.
Rb1 Bf6 16. Nb5 Nc6 17. dxc5 dxc5 18. O-O Nd4 19. Nxd4 cxd4 20. Bd3 Qc7 21. Qf3
Ra5 22. Bd2 Rxa3 23. Bxh7+ Kxh7 24. Qxa3 Nxc4 25. Qxf8 Nxd2 26. Rbc1 Qa5 27.
Rc5 Qa6 28. Re1 1-0

[Event "Rilton Cup"]
[Site "?"]
[Date "2001.12.29"]
[Round "3"]
[White "Guseinov, Gadir"]
[Black "Nyysti, Sampsa"]
[Result "1-0"]
[WhiteElo "2489"]
[BlackElo "2215"]
[PlyCount "57"]

1. e4 d6 2. d4 Nf6 3. Nc3 g6 4. Nf3 c6 5. a4 Bg7 6. Be2 O-O 7. O-O Nbd7 8. Be3
Qc7 9. Nd2 e5 10. dxe5 Nxe5 11. h3 Re8 12. Re1 b6 13. f4 Ned7 14. Bf3 Ba6 15.
Nb3 Rad8 16. Qd2 d5 17. exd5 Nxd5 18. Nxd5 cxd5 19. Bd4 Bxd4+ 20. Nxd4 Nf6 21.
f5 Ne4 22. Qh6 Qc5 23. c3 Ng3 24. f6 Nf5 25. Qf4 Bd3 26. Kh1 Nxd4 27. cxd4 Qb4
28. Rxe8+ Rxe8 29. Bxd5 1-0

[Event "Rilton Cup"]
[Site "?"]
[Date "2001.12.29"]
[Round "3"]
[White "Vernersson, Per"]
[Black "Hector, Jonny"]
[Result "1/2-1/2"]
[WhiteElo "2395"]
[BlackElo "2528"]
[PlyCount "81"]

1. c4 e5 2. Nc3 Nf6 3. Nf3 Nc6 4. d3 Bb4 5. Bd2 a5 6. g3 h6 7. Bg2 d6 8. Nd5
Bc5 9. O-O Nxd5 10. cxd5 Ne7 11. e4 c6 12. dxc6 Nxc6 13. h3 O-O 14. Bc3 Qb6 15.
Qd2 f5 16. exf5 Bxf5 17. Ne1 Be6 18. Nc2 d5 19. b3 d4 20. Bb2 a4 21. Rab1 axb3
22. axb3 Ra2 23. b4 Nxb4 24. Nxb4 Bxb4 25. Qd1 Qd6 26. Bxb7 Bc3 27. Bc1 Bxh3
28. Qb3+ Be6 29. Qb6 Qe7 30. Rb5 Qf6 31. Qd6 Be1 32. Qxe5 Bxf2+ 33. Kh1 Qg6 34.
Rb6 Rf6 35. Rxe6 Rxe6 36. Bd5 Raa6 37. Rxf2 Kh7 38. Bxe6 Rxe6 39. Qf4 Rf6 40.
Qxd4 Rxf2 41. Qxf2 1/2-1/2

[Event "Rilton Cup"]
[Site "?"]
[Date "2001.12.29"]
[Round "3"]
[White "Backelin, Rikard"]
[Black "Brynell, Stellan"]
[Result "0-1"]
[WhiteElo "2290"]
[BlackElo "2506"]
[PlyCount "82"]

1. e4 e6 2. d4 d5 3. Nd2 c5 4. exd5 exd5 5. Ngf3 Nf6 6. Bb5+ Bd7 7. Qe2+ Be7 8.
dxc5 O-O 9. Nb3 Re8 10. O-O Bxc5 11. Qd3 Bb6 12. Bxd7 Nbxd7 13. Bf4 Re4 14. Bg3
Qe7 15. Rad1 Re8 16. Nbd4 Nc5 17. Qd2 Qd7 18. c3 Nh5 19. Qg5 Nxg3 20. hxg3 h6
21. Qh5 Rd8 22. Rd2 Ree8 23. Nh4 Ne4 24. Rd3 Kh7 25. Qf5+ g6 26. Qxd7 Rxd7 27.
Nhf3 Rde7 28. Rfd1 Kg7 29. Kf1 Nd6 30. R3d2 Ne4 31. Rc2 h5 32. Re2 a6 33. Rc2
f5 34. c4 dxc4 35. Rxc4 Kf6 36. Kg1 Rd7 37. Ne1 Nd2 38. Rxd2 Rxe1+ 39. Kh2 Re4
40. Nf3 Rxd2 41. Rxe4 Rxb2 0-1

[Event "Rilton Cup"]
[Site "?"]
[Date "2001.12.29"]
[Round "3"]
[White "Yakovich, Yuri"]
[Black "Akesson, Ralf"]
[Result "1/2-1/2"]
[WhiteElo "2588"]
[BlackElo "2437"]
[PlyCount "54"]

1. d4 d5 2. c4 e6 3. Nc3 Be7 4. cxd5 exd5 5. Bf4 Nf6 6. e3 O-O 7. Bd3 c6 8. Qc2
Nbd7 9. Nf3 Re8 10. h3 Nf8 11. O-O Ng6 12. Bh2 Bd6 13. Bxd6 Qxd6 14. Rab1 a5
15. a3 Bd7 16. b4 axb4 17. axb4 Ra3 18. Qb2 Rea8 19. b5 c5 20. dxc5 Qxc5 21.
Rfc1 Qe7 22. Qd2 Ne5 23. Be2 Bf5 24. Rb2 Ra1 25. Ra2 R1xa2 26. Nxa2 Nxf3+ 27.
Bxf3 Qa3 1/2-1/2

[Event "Rilton Cup"]
[Site "?"]
[Date "2001.12.29"]
[Round "3"]
[White "Olsson, Anders"]
[Black "Persson, Lars"]
[Result "1-0"]
[WhiteElo "2340"]
[BlackElo "2125"]
[PlyCount "55"]

1. e4 g6 2. d4 Bg7 3. Nc3 d6 4. Be3 a6 5. h4 b5 6. h5 Nd7 7. h6 Bf8 8. a4 b4 9.
Nd5 a5 10. Nf3 c6 11. Nf4 Ndf6 12. d5 Bxh6 13. dxc6 Bxf4 14. Bb5 Qc7 15. Bxf4
Nxe4 16. Qd4 Ngf6 17. O-O-O O-O 18. Ng5 18... e5 {Diagram #} 19. Nxe4 exd4 20.
Nxf6+ Kg7 21. Nd5 Qa7 22. Bh6+ Kh8 23. Bxf8 Qc5 24. Rxh7+ {Diagram #} 24... Kg8
25. Rdh1 f6 26. Nf4 f5 27. Nxg6 Ra7 28. Rxa7 1-0

[Event "Rilton Cup"]
[Site "?"]
[Date "2001.12.29"]
[Round "3"]
[White "Popov, Valerij"]
[Black "Evertsson, Kristian"]
[Result "1-0"]
[WhiteElo "2578"]
[BlackElo "2149"]
[PlyCount "69"]

1. c4 e5 2. Nc3 Bb4 3. Nd5 Be7 4. d4 d6 5. e4 Nf6 6. Nxe7 Qxe7 7. f3 exd4 8.
Qxd4 Nc6 9. Qc3 Be6 10. Be3 O-O-O 11. O-O-O Nd7 12. Qxg7 Rhg8 13. Qc3 f5 14.
exf5 Bxf5 15. Ne2 Nc5 16. Nd4 Nb4 17. Qxb4 Qxe3+ 18. Qd2 Qe5 19. Re1 {Diagram #
} 19... Bg6 20. Rxe5 dxe5 21. Qa5 b6 22. Qxa7 exd4 23. b4 d3 24. Kd2 Ne6 25. g3
Kd7 26. Bh3 Ra8 27. Bxe6+ Kxe6 28. Qxc7 Rxa2+ 29. Kc3 d2 30. Qxb6+ Kf7 31. Qc7+
Kf6 32. Rd1 Rga8 33. Qf4+ Kg7 34. Rxd2 R2a3+ 35. Kd4 1-0

[Event "Rilton Cup"]
[Site "?"]
[Date "2001.12.29"]
[Round "3"]
[White "Rowson, Jonathan"]
[Black "Lundvik, Jonas"]
[Result "1-0"]
[WhiteElo "2512"]
[BlackElo "2247"]
[PlyCount "107"]

1. e4 e6 2. d4 d5 3. Nc3 dxe4 4. Nxe4 Nd7 5. Nf3 Ngf6 6. Nxf6+ Nxf6 7. g3 Bd6
8. Bg2 O-O 9. O-O c5 10. dxc5 Bxc5 11. Qe2 Qe7 12. a3 a5 13. Ne5 Nd7 14. Nxd7
Qxd7 15. Bf4 Qe7 16. Rad1 f6 17. Be3 Kh8 18. f4 Bd7 19. Rf2 Rfd8 20. Bxc5 Qxc5
21. Qd3 Qb6 22. Qd4 Qxd4 23. Rxd4 Bc6 24. Rfd2 Rxd4 25. Rxd4 Bxg2 26. Kxg2 Kg8
27. c3 Rc8 28. Rd6 b5 29. Rxe6 Kf7 30. Rb6 Rc5 31. Kf3 g5 32. fxg5 Rxg5 33. b4
axb4 34. axb4 Rf5+ 35. Ke4 Kg6 36. Rb7 Re5+ 37. Kd4 h5 38. Rd7 Re2 39. Kc5 Re3
40. Kxb5 Rxc3 41. Rd2 f5 42. Ka6 h4 43. gxh4 Ra3+ 44. Kb6 f4 45. b5 f3 46. Kc6
Kf5 47. Rb2 Re3 48. b6 Re2 49. Rb5+ Ke6 50. b7 f2 51. b8=Q Rc2+ 52. Rc5 Rxc5+
53. Kxc5 f1=Q 54. Qe8+ 1-0

[Event "Rilton Cup"]
[Site "?"]
[Date "2001.12.29"]
[Round "3"]
[White "Nyback, Tomi"]
[Black "Agrest, Evgenij"]
[Result "0-1"]
[WhiteElo "2430"]
[BlackElo "2563"]
[PlyCount "62"]

1. Nf3 Nf6 2. c4 b6 3. b3 Bb7 4. e3 g6 5. Bb2 Bg7 6. Be2 O-O 7. O-O e6 8. Nc3
d6 9. d4 a6 10. Qc2 c5 11. Rad1 Qc7 12. Rd2 Nbd7 13. Rfd1 Rfd8 14. Ne1 cxd4 15.
Rxd4 d5 16. cxd5 exd5 17. R4d2 Rac8 18. Qb1 Nc5 19. Bf3 Nce4 20. Nxe4 dxe4 21.
Bxf6 Bxf6 22. Bxe4 Rxd2 23. Rxd2 Bxe4 24. Qxe4 Qc1 25. Re2 Qa1 26. f3 Bc3 27.
Kf2 Bxe1+ 28. Rxe1 Qxa2+ 29. Re2 Qxb3 30. Qb7 Qc4 31. Qxb6 Qh4+ 0-1

[Event "Rilton Cup"]
[Site "?"]
[Date "2001.12.29"]
[Round "3"]
[White "Eriksson, Anders"]
[Black "Volzhin, Alexander"]
[Result "0-1"]
[WhiteElo "2301"]
[BlackElo "2521"]
[PlyCount "120"]

1. Nf3 Nf6 2. c4 c5 3. d4 cxd4 4. Nxd4 e6 5. g3 Qb6 6. Bg2 Bc5 7. e3 Nc6 8. Ne2
Ne5 9. b3 Bb4+ 10. Kf1 O-O 11. Bb2 Qc7 12. Nbc3 a6 13. Rc1 Be7 14. h3 d6 15. f4
Ng6 16. Bf3 Bd7 17. a4 Rfd8 18. Qd3 Rac8 19. Kg2 Qb6 20. Nb1 e5 21. Nd2 Bc6 22.
f5 e4 23. Nxe4 Ne5 24. Nxf6+ Bxf6 25. Bxe5 dxe5 26. Bd5 e4 27. Qxe4 Re8 28. Qf3
Rxe3 29. Qf2 Rce8 30. Nf4 Qxb3 31. Bxc6 bxc6 32. Rhe1 g6 33. Rxe3 Rxe3 34. fxg6
hxg6 35. Rf1 Qc3 36. Ne2 Qe5 37. Nf4 Qe4+ 38. Kg1 Bd4 39. Kh2 Rc3 40. Re1 Bxf2
41. Rxe4 Bxg3+ 42. Kg2 Bxf4 43. Rxf4 Kg7 44. Rd4 a5 45. h4 c5 46. Re4 f5 47.
Re7+ Kh6 48. Ra7 Rxc4 49. Rxa5 Rxh4 50. Ra8 Kg5 51. Ra6 c4 52. Rc6 c3 53. a5
Ra4 54. a6 c2 55. Rxc2 Rxa6 56. Rc3 Ra4 57. Kg3 Rg4+ 58. Kf3 Rh4 59. Rc6 Rh3+
60. Kg2 Ra3 0-1

[Event "Rilton cUP"]
[Site "?"]
[Date "2001.12.30"]
[Round "4"]
[White "Eriksson, Johan"]
[Black "Lalic, Bogdan"]
[Result "1/2-1/2"]
[WhiteElo "2415"]
[BlackElo "2522"]
[PlyCount "24"]

1. d4 e6 2. c4 Bb4+ 3. Bd2 Qe7 4. Nf3 Nf6 5. g3 Nc6 6. Bg2 Bxd2+ 7. Nbxd2 d6 8.
O-O O-O 9. e4 e5 10. d5 Nb8 11. Ne1 Na6 12. Nd3 c6 1/2-1/2

[Event "Rilton Cup"]
[Site "?"]
[Date "2001.12.30"]
[Round "4"]
[White "Bellon, Juan"]
[Black "Popov, Valerij"]
[Result "1/2-1/2"]
[WhiteElo "2442"]
[BlackElo "2578"]
[PlyCount "32"]

1. d4 d5 2. c4 c6 3. Nf3 Nf6 4. Nc3 dxc4 5. a4 Bf5 6. Ne5 e6 7. f3 Bb4 8. e4
Bxe4 9. fxe4 Nxe4 10. Qf3 Qxd4 11. Qxf7+ Kd8 12. Bg5+ Nxg5 13. Qxg7 Qe3+ 14.
Kd1 Rf8 15. Nxc4 Qc5 16. h4 Bxc3 1/2-1/2

[Event "Rilton Cup"]
[Site "?"]
[Date "2001.12.30"]
[Round "4"]
[White "Agrest, Evgenij"]
[Black "Nataf, Igor"]
[Result "1/2-1/2"]
[WhiteElo "2563"]
[BlackElo "2535"]
[PlyCount "32"]

1. c4 g6 2. Nc3 Bg7 3. g3 e5 4. Bg2 d6 5. d3 Nc6 6. e3 Nf6 7. Nge2 O-O 8. Rb1
Be6 9. Nd5 Qd7 10. O-O Bh3 11. Bxh3 Qxh3 12. Nxf6+ Bxf6 13. Nc3 Bg7 14. Nd5 Qd7
15. b4 Nd8 16. b5 Ne6 1/2-1/2

[Event "Rilton Cup"]
[Site "?"]
[Date "2001.12.30"]
[Round "4"]
[White "Stern, Rene"]
[Black "Yakovich, Yuri"]
[Result "1/2-1/2"]
[WhiteElo "2474"]
[BlackElo "2588"]
[PlyCount "30"]

1. Nf3 d5 2. d4 Nf6 3. c4 dxc4 4. e3 e6 5. Bxc4 c5 6. O-O a6 7. dxc5 Bxc5 8.
Qxd8+ Kxd8 9. Nbd2 Ke7 10. Be2 Nc6 11. a3 a5 12. b3 Bd7 13. Bb2 Rhc8 14. Rac1
b6 15. Rfd1 Be8 1/2-1/2

[Event "Rilton Cup"]
[Site "?"]
[Date "2001.12.30"]
[Round "4"]
[White "Broman, Thorbjorn"]
[Black "Guseinov, Gadir"]
[Result "1/2-1/2"]
[WhiteElo "2344"]
[BlackElo "2489"]
[PlyCount "38"]

1. b3 e5 2. Bb2 Nc6 3. e3 d6 4. Bb5 Nge7 5. Ne2 a6 6. Bxc6+ Nxc6 7. O-O g6 8.
d4 Bg7 9. c4 b5 10. Qc2 bxc4 11. dxe5 O-O 12. exd6 cxb3 13. axb3 Nb4 14. Qd2
Bxb2 15. Qxb2 Qxd6 16. Nd2 Bb7 17. Nc4 Qe7 18. Qe5 Qxe5 19. Nxe5 Rfd8 1/2-1/2

[Event "Rilton Cup"]
[Site "?"]
[Date "2001.12.30"]
[Round "4"]
[White "Keskinen, Sauli"]
[Black "Hunt, Adam"]
[Result "0-1"]
[WhiteElo "2294"]
[BlackElo "2356"]
[PlyCount "78"]

1. e4 c5 2. Nc3 Nc6 3. g3 g6 4. Bg2 Bg7 5. d3 d6 6. Be3 Rb8 7. Qd2 b5 8. Nge2
Nd4 9. O-O e6 10. Nc1 Ne7 11. Nd1 b4 12. c3 bxc3 13. bxc3 Ndc6 14. Bh6 O-O 15.
Bxg7 Kxg7 16. Ne3 Ba6 17. Ne2 Qd7 18. f4 f5 19. Rf2 Kh8 20. Re1 d5 21. exd5
exd5 22. d4 Bxe2 23. Rfxe2 cxd4 24. cxd4 Rb5 25. h4 Rfb8 26. Bf3 h5 27. Nc2 Kg7
28. Re6 Kf7 29. Qe2 Rb1 30. Re3 Ng8 31. Rxb1 Rxb1+ 32. Kf2 Rb2 33. Rc3 Nf6 34.
Qd1 Qb7 35. a3 Qb6 36. Ke3 Na5 37. Nb4 Nc4+ 38. Rxc4 dxc4 39. Qa4 Qe6+ 0-1

[Event "Rilton Cup"]
[Site "?"]
[Date "2001.12.30"]
[Round "4"]
[White "Ivanov, Sergey"]
[Black "Hillarp-Persson, Tiger"]
[Result "1-0"]
[WhiteElo "2556"]
[BlackElo "2450"]
[PlyCount "71"]

1. d4 e6 2. c4 Bb4+ 3. Nc3 c5 4. e3 Bxc3+ 5. bxc3 d6 6. Bd3 Nc6 7. Ne2 Nge7 8.
O-O b6 9. e4 e5 10. f4 f6 11. d5 Na5 12. Ng3 O-O 13. f5 Qe8 14. Nh5 Kh8 15. g4
Ng8 16. g5 fxg5 17. Bxg5 Ba6 18. Qg4 Qd7 19. Kh1 Rf7 20. Qh4 Bxc4 21. Bxc4
21... Nxc4 {#} 22. f6 g6 23. Ng7 Rxg7 24. fxg7+ Qxg7 25. Rf2 Rf8 26. Raf1 Rf4
27. Rxf4 exf4 28. Qxf4 h6 29. Bd8 Kh7 30. Qf7 Ne5 31. Qe6 h5 32. Qxd6 Nf7 33.
Qd7 Nxd8 34. Qxd8 Qe5 35. Qd7+ Kh6 36. Qe6 1-0

[Event "Rilton Cup"]
[Site "?"]
[Date "2001.12.30"]
[Round "4"]
[White "Akesson, Ralf"]
[Black "Marin, Michail"]
[Result "1/2-1/2"]
[WhiteElo "2437"]
[BlackElo "2561"]
[PlyCount "94"]

1. d4 Nf6 2. c4 e6 3. Nc3 Bb4 4. Qc2 c5 5. dxc5 O-O 6. a3 Bxc5 7. Nf3 b6 8. Bg5
Bb7 9. Rd1 h6 10. Bh4 Be7 11. e4 Nc6 12. Be2 Rc8 13. O-O Nh5 14. Bxe7 Qxe7 15.
Rfe1 Nf4 16. Bf1 Na5 17. b3 f5 18. Re3 fxe4 19. Nxe4 d5 20. Ned2 Qf6 21. g3 Ng6
22. Bh3 e5 23. Bxc8 Rxc8 24. Ne1 b5 25. Qb1 d4 26. Re2 Qg5 27. Ne4 Bxe4 28.
Qxe4 Nf4 29. Qxe5 Nxe2+ 30. Qxe2 Rd8 31. cxb5 Qd5 32. b4 Nc4 33. a4 Ne5 34. f4
Nc4 35. Rd3 Ne3 36. Nf3 Qc4 37. Qd2 Nc2 38. Ne5 Qa2 39. Nc6 Rd7 40. Nxd4 Qa1+
41. Kf2 Nxd4 42. g4 Nb3 43. Qe2 Rxd3 44. Qe8+ Kh7 45. Qe4+ Kh8 46. Qe8+ Kh7 47.
Qe4+ Kh8 1/2-1/2

[Event "Rilton Cup"]
[Site "?"]
[Date "2001.12.30"]
[Round "4"]
[White "Engqvist, Thomas"]
[Black "Evertsson, Lennart"]
[Result "1-0"]
[WhiteElo "2354"]
[BlackElo "2238"]
[PlyCount "95"]

1. Nf3 d5 2. d4 Nf6 3. c4 e6 4. Nc3 Be7 5. Bg5 O-O 6. e3 b6 7. cxd5 Nxd5 8.
Bxe7 Nxe7 9. Bd3 Ng6 10. h4 f5 11. Bc4 Nc6 12. a3 Na5 13. Ba2 Qe7 14. Rc1 Rd8
15. Qc2 Kh8 16. b4 Nb7 17. h5 Nf8 18. Ne5 Bd7 19. f4 Be8 20. g4 Nd6 21. Nd1 a5
22. Nf2 axb4 23. axb4 Ra3 24. Nfd3 Rda8 25. Bb1 R8a7 26. g5 Ne4 27. h6 Rc3 28.
hxg7+ Kxg7 29. Qb2 Rxc1+ 30. Qxc1 Qd6 31. O-O Ng3 32. Rf2 Bh5 33. Kh2 Ne4 34.
Rc2 h6 35. Nc6 Ra8 36. gxh6+ Kxh6 37. Nde5 Nh7 38. Rg2 Nhf6 39. Bxe4 Nxe4 40.
Qg1 Qf8 41. Rg6+ Kh7 42. Rxe6 Ra2+ 43. Kh3 Bg4+ 44. Kh4 Nd2 45. Qh1 Qg8 46. Qd5
Nf3+ 47. Nxf3 Bxf3 48. Qxf5+ 1-0

[Event "Rilton Cup"]
[Site "?"]
[Date "2001.12.30"]
[Round "4"]
[White "Hector, Jonny"]
[Black "Hunt, Harriet"]
[Result "1-0"]
[WhiteElo "2528"]
[BlackElo "2406"]
[PlyCount "113"]

1. e4 c6 2. Nc3 d5 3. Nf3 Bg4 4. h3 Bxf3 5. Qxf3 Nf6 6. g3 e6 7. Bg2 Nbd7 8. d4
Bb4 9. e5 Ne4 10. O-O Nxc3 11. bxc3 Be7 12. Qg4 g6 13. a4 Qa5 14. Bd2 Nb6 15.
Rfb1 Nc4 16. Be1 Rb8 17. Bf1 O-O 18. Bd3 Qc7 19. Qe2 b5 20. f4 a5 21. g4 bxa4
22. f5 Rxb1 23. Rxb1 Na3 24. Ra1 Rb8 25. Kg2 Rb1 26. Ra2 Nc4 27. f6 Bf8 28.
Bxc4 dxc4 29. Rxa4 c5 30. Kg3 cxd4 31. cxd4 c3 32. Qe3 Rb4 33. Ra3 Rxd4 34.
Rxc3 Qd8 35. Rc6 35... a4 {#} 36. Ba5 Qxa5 37. Qxd4 Qe1+ 38. Kg2 Qe2+ 39. Qf2
Qxe5 40. Rc8 a3 41. Qf3 Qd6 42. Qd3 Qb4 43. Ra8 h6 44. c3 Qc5 45. Qd7 a2 46.
Ra7 Qd5+ 47. Qxd5 exd5 48. Rxa2 Bd6 49. Ra6 Be5 50. Rc6 g5 51. Kf3 Kh7 52. Ke3
Kg6 53. Kd3 h5 54. Ra6 hxg4 55. hxg4 Bxf6 56. Rd6 Kg7 57. Rxd5 1-0